Russian Premier League 2025/26 First XI - Statistics

General Stats
  • This quiz has been taken 13 times
  • The average score is 59 of 176
Answer Stats
Club Position Nationality Player % Correct
FC Baltika Kaliningrad DM Ilya Petrov
83%
Krasnodar RB Sergei Petrov
83%
Krasnodar AM Victor Sá
83%
FK Akron Tolyatti FW Artem Dzyuba
67%
Krasnodar AM Eduard Spertsyan
67%
Spartak Moscow AM Esequiel Barco
67%
CSKA Moscow GK Igor Akinfeev
67%
Krasnodar FW Jhon Córdoba
67%
Dynamo Moscow FW Moumi Ngamaleu
67%
Zenit DM Wílmar Barrios
67%
Spartak Moscow GK Aleksandr Maksimenko
58%
Lokomotiv Moscow AM Aleksei Batrakov
58%
Dynamo Moscow GK Andrey Lunyov
58%
Spartak Moscow AM Christopher Martins
58%
Lokomotiv Moscow DM Dmitri Barinov
58%
Zenit DM Douglas Santos
58%
Zenit AM Maksim Glushenkov
58%
Rubin Kazan FW Mirlind Daku
58%
Zenit AM Pedrinho Santos
58%
Spartak Moscow CB Ruslan Litvinov
58%
Spartak Moscow CB Srđan Babić
58%
Krasnodar GK Stanislav Agkatsev
58%
Sochi CB Vyacheslav Litvinov
58%
Dynamo Moscow FW Yaroslav Gladyshev
58%
Zenit GK Yevgeni Latyshonok
58%
Krasnodar DM Aleksandr Chernikov
50%
Lokomotiv Moscow LB Aleksandr Silyanov
50%
Spartak Moscow FW Anton Zabolotny
50%
Krasnodar AM Batxi
50%
Lokomotiv Moscow CB César Montes
50%
Dynamo Moscow CM Danil Glebov
50%
Zenit RB Gustavo Mantuan
50%
Dynamo Moscow RB Juan Cáceres
50%
CSKA Moscow AM Kirill Glebov
50%
Nizhny Novgorod CM Mamadou Maiga
50%
Spartak Moscow LW Marquinhos
50%
Zenit FW Mateo Cassierra
50%
Nizhny Novgorod GK Nikita Medvedev
50%
Lokomotiv Moscow FW Nikolay Komlichenko
50%
Zenit CB Nino
50%
Spartak Moscow RW Pablo Solari
50%
Sochi FW Saúl Guarirapa
50%
Krasnodar CB Vítor Tormena
50%
Lokomotiv Moscow AM Aleksandr Rudenko
42%
Lokomotiv Moscow GK Anton Mitryushkin
42%
Spartak Moscow RB Daniil Denisov
42%
Dynamo Moscow CM Daniil Fomin
42%
FK Akron Tolyatti FW Dmitriy Pestryakov
42%
Dynamo Makhachkala FW Gamid Agalarov
42%
Akhmat Grozny GK Giorgi Shelia
42%
Rostov LB Ilya Vakhaniya
42%
CSKA Moscow DM Ivan Oblyakov
42%
Nizhny Novgorod FW Juan Manuel Boselli
42%
FC Baltika Kaliningrad CB Kevin Andrade
42%
Sochi RB Kirill Zaika
42%
Krasnodar LB Lucas Olaza
42%
Zenit AM Luiz Henrique
42%
Sochi AM Martin Kramarič
42%
Spartak Moscow DM Nail Umyarov
42%
Spartak Moscow LB Ricardo Mangas
42%
FK Akron Tolyatti LB Roberto Carlos Fernández
42%
Dynamo Moscow CB Roberto Fernández
42%
Zenit LB Román Vega
42%
Zenit CB Strahinja Eraković
42%
Samara RM Aleksei Sutormin
33%
Samara FW Amar Rahmanović
33%
Rostov RB Andrey Langovich
33%
Lokomotiv Moscow DM Artem Karpukas
33%
Sochi LB Artyom Makarchuk
33%
FC Baltika Kaliningrad FW Brayan Gil
33%
Krasnodar CB Diego
33%
Dynamo Moscow LB Dmitri Skopintsev
33%
Rubin Kazan CB Egor Teslenko
33%
Orenburg FW Emircan Gürlük
33%
Lokomotiv Moscow CB Evgeni Morozov
33%
Samara CM Fernando Costanza
33%
Sochi DM Ignacio Saavedra
33%
FK Akron Tolyatti CB Ionuț Nedelcearu
33%
Akhmat Grozny CM Ismael Silva Lima
33%
Dynamo Moscow FW Ivan Sergeyev
33%
Krasnodar DM Kevin Pina
33%
FC Baltika Kaliningrad GK Maksim Borisko
33%
Lokomotiv Moscow RB Maksim Nenakhov
33%
Dynamo Moscow CB Maksim Osipenko
33%
FK Akron Tolyatti CB Marat Bokoev
33%
CSKA Moscow CB Matvei Lukin
33%
CSKA Moscow RB Milan Gajić
33%
Akhmat Grozny LB Miroslav Bogosavac
33%
Akhmat Grozny FW Mohamed Konaté
33%
Dynamo Makhachkala RB Mohammed Azzi
33%
Samara GK Sergei Pesyakov
33%
FC Baltika Kaliningrad AM Sergey Pryakhin
33%
CSKA Moscow FW Tamerlan Musaev
33%
Dynamo Makhachkala GK Timur Magomedov
33%
Nizhny Novgorod CB Viktor Aleksandrov
33%
FK Akron Tolyatti CM Aleksa Đurasovic
25%
Sochi GK Aleksandr Degtev
25%
Sochi AM Anton Zinkovskiy
25%
Dynamo Moscow CM Bitelo
25%
Rubin Kazan CM Bogdan Jocic
25%
Nizhny Novgorod LM Daniil Lesovoy
25%
Rostov CM Danila Prokhin
25%
Akhmat Grozny RB Darko Todorović
25%
Rostov CB Dmitri Chistyakov
25%
Rubin Kazan RB Dmitri Kabutov
25%
Samara CB Dominik Oroz
25%
Rubin Kazan GK Evgenii Staver
25%
Dynamo Makhachkala CM Houssem Eddine Mrezigue
25%
FK Akron Tolyatti CM Ifet Đakovac
25%
Rostov FW Ivan Komarov
25%
Dynamo Makhachkala CB Jemal Tabidze
25%
Nizhny Novgorod LB Juan Castillo
25%
Akhmat Grozny CM Keliano
25%
FK Akron Tolyatti RB Konstantin Savichev
25%
Akhmat Grozny LM Lechi Sadulaev
25%
Nizhny Novgorod CM Luka Vešner Tičić
25%
FK Akron Tolyatti FW Maksim Boldyrev
25%
Nizhny Novgorod RB Maksim Shnaptsev
25%
Sochi CB Marcelo Alves
25%
FC Baltika Kaliningrad DM Mingiyan Beveyev
25%
CSKA Moscow LB Moisés
25%
Dynamo Makhachkala CB Mutalip Alibekov
25%
Akhmat Grozny CB Nader Ghandri
25%
Lokomotiv Moscow AM Nikita Saltykov
25%
FC Baltika Kaliningrad AM Nikolai Titkov
25%
Dynamo Makhachkala FW Serder Serderov
25%
Samara CB Sergei Bozhin
25%
Samara CM Sergey Babkin
25%
FK Akron Tolyatti CM Stefan Lončar
25%
Nizhny Novgorod CB Sven Šoštarič Karič
25%
Dynamo Makhachkala LB Temirkhan Sundukov
25%
Rubin Kazan CM Uguchukwu Iwu
25%
Samara FW Vadim Rakov
25%
Dynamo Makhachkala CB Valentin Paltsev
25%
FK Akron Tolyatti GK Vitali Gudiyev
25%
FC Baltika Kaliningrad DM Vladislav Saus
25%
Nizhny Novgorod FW Vyacheslav Grulyov
25%
Rostov FW Yegor Golenkov
25%
Rubin Kazan CB Aleksei Gritsayenko
17%
FC Baltika Kaliningrad DM Andrei Mendel
17%
Rubin Kazan FW Dardan Shabanhaxhaj
17%
Sochi DM Dmitrii Vasilev
17%
Orenburg RW Georgi Zotov
17%
Rubin Kazan CB Igor Vujačić
17%
Rubin Kazan LB Ilia Rozhkov
17%
Orenburg DM Irakli Kvekveskiri
17%
Samara FW Ivan Bober
17%
Samara LM Kiryl Pyachenin
17%
Rostov CM Konstantin Kuchayev
17%
FC Baltika Kaliningrad CB Nathan Gassama
17%
Dynamo Makhachkala CM Nikita Glushkov
17%
Sochi AM Ruslan Bart
17%
Rostov GK Rustam Âtimov
17%
FC Baltika Kaliningrad CB Sergei Varatynov
17%
Rubin Kazan CM Veldin Hodža
17%
Nizhny Novgorod RM Vladislav Karapuzov
17%
Orenburg CB Aleksei Tatayev
8%
Akhmat Grozny CM Amine Talal
8%
Orenburg CB Anri Chichinadze
8%
CSKA Moscow AM Arciom Šumanski
8%
Orenburg CB Artem Kasimov
8%
Orenburg GK Bogdan Ovsyannikov
8%
Akhmat Grozny RM Braian Mansilla
8%
Orenburg LW Danila Vedernikov
8%
CSKA Moscow AM Danil Krugovoy
8%
Orenburg AM Dmitrii Rybchinskii
8%
Samara CB Ivan Lepskii
8%
Dynamo Makhachkala CM Javad Hosseinnezhad
8%
Rostov CM Kirill Shchetinin
8%
Orenburg FW Maksim Savelev
8%
CSKA Moscow DM Matvei Kisliak
8%
Rostov FW Ronaldo Cesar
8%
Akhmat Grozny CB Turpal Ibishev
8%
Rostov CB Viktor Melekhin
8%
Orenburg AM Vladislav Kamilov
8%
CSKA Moscow CB Willyan
8%
No matching quizzes found
Score Distribution
Percent of People with Each Score
Percentile by Number Answered
Your Score History
You have not taken this quiz